Songs from the First Line(s) - 2022 - Statistics

General Stats
  • This quiz has been taken 274 times
  • The average score is 8 of 30
Answer Stats
Hint Answer % Correct
Songs Come on, Harry, we wanna say goodnight to you / Holdin' me back / Gravity's holdin' me back / I want you to hold out the palm of your hand Artist(s) Harry Styles
85%
Songs Come on, Harry, we wanna say goodnight to you / Holdin' me back / Gravity's holdin' me back / I want you to hold out the palm of your hand Song As It Was
77%
Songs I have this thing where I get older, but just never wiser / Midnights become my afternoons / When my depression works the graveyard shift, all of the people Artist(s) Taylor Swift
63%
Songs I been a (G) / Throw up the (L) / S*x in the (A-M) / Uh-huh / (O-R-O-U-S, yeah) / And I could put you in (First class up in the sky) Song First Class
62%
Songs I been a (G) / Throw up the (L) / S*x in the (A-M) / Uh-huh / (O-R-O-U-S, yeah) / And I could put you in (First class up in the sky) Artist(s) Jack Harlow
59%
Songs I have this thing where I get older, but just never wiser / Midnights become my afternoons / When my depression works the graveyard shift, all of the people Song Anti-Hero
51%
Songs Ey, Tití me preguntó si tengo muchas novia', muchas novia' / Hoy tengo a una, mañana otra, ey, pero no hay boda Artist(s) Bad Bunny
44%
Songs You said you hated the ocean, but you're surfin' now / I said I'd love you for life, but I just sold our house / We were kids at the start, I guess we're grown-ups now (Mmm) Artist(s) Camila Cabello / Ed Sheeran
32%
Songs Ooh, girl, I like you, I do / I wanna be your friend, go shoppin' in the Benz / I like you, I do / I'll hit you when I land, can you fit me in your plans? Artist(s) Post Malone / Doja Cat
30%
Songs Ey, Tití me preguntó si tengo muchas novia', muchas novia' / Hoy tengo a una, mañana otra, ey, pero no hay boda Song Tití Me Preguntó
25%
Songs I wish I knew you wanted me / I wish I knew, I wish I knew you wanted me / What you, ooh, uh, what'd you do? Song Bad Habit
24%
Songs Vibez / Oh, no / Another banger / Baby, calm down, calm down / Girl, this your body e put in my heart for lockdown, for lockdown, oh, lockdown Song Calm Down
24%
Songs Ooh, girl, I like you, I do / I wanna be your friend, go shoppin' in the Benz / I like you, I do / I'll hit you when I land, can you fit me in your plans? Song I Like You (A Happier Song)
24%
Songs I wish I knew you wanted me / I wish I knew, I wish I knew you wanted me / What you, ooh, uh, what'd you do? Artist(s) Steve Lacy
24%
Songs I will wait for you, for you / Early in the mornin', late at night (I will wait for you) / It doesn't even matter what time it is (I will wait for you) Artist(s) Future / Drake / Tems
20%
Songs Vibez / Oh, no / Another banger / Baby, calm down, calm down / Girl, this your body e put in my heart for lockdown, for lockdown, oh, lockdown Artist(s) Rema / Selena Gomez
20%
Songs You said you hated the ocean, but you're surfin' now / I said I'd love you for life, but I just sold our house / We were kids at the start, I guess we're grown-ups now (Mmm) Song Bam Bam
18%
Songs I will wait for you, for you / Early in the mornin', late at night (I will wait for you) / It doesn't even matter what time it is (I will wait for you) Song Wait for U
18%
Songs Yeah, I've been throwin' down the whiskey / I oughta get my money back / And someone said it drowns the memory Artist(s) Morgan Wallen
15%
Songs Take a look inside your heart, is there any room for me? / I won't have to hold my breath 'til you get down on one knee Artist(s) PinkPantheress / Ice Spice
12%
Songs I'm 'bout to explode, take off this load / Bend it, bust it open, won't ya make it go / Yaka-yaka, yaka-yaka, yaka-yaka, yaka-yaka Artist(s) Beyoncé
11%
Songs Take a look inside your heart, is there any room for me? / I won't have to hold my breath 'til you get down on one knee Song Boy's A Liar Pt.2
11%
Songs I only talk to God when I need a favor / And I only pray when I ain't got a prayer / So, who the hell am I, who the hell am I / To expect a Savior o-o-oh Artist(s) Jelly Roll
10%
Songs If I was an astronaut, I'd be floating in midair / And a broken heart would just belong to someone else down there / I would be the centre of my lonely universe Artist(s) Sam Ryder
10%
Songs If I was an astronaut, I'd be floating in midair / And a broken heart would just belong to someone else down there / I would be the centre of my lonely universe Song Space Man
10%
Songs I'm 'bout to explode, take off this load / Bend it, bust it open, won't ya make it go / Yaka-yaka, yaka-yaka, yaka-yaka, yaka-yaka Song Break My Soul
7%
Songs I only talk to God when I need a favor / And I only pray when I ain't got a prayer / So, who the hell am I, who the hell am I / To expect a Savior o-o-oh Song Need A Favor
6%
Songs I don't feel a single thing / Have the pills done too much? / Haven't caught up with my friends in weeks / And now we're outta touch Song Numb Little Bug
5%
Songs I don't feel a single thing / Have the pills done too much? / Haven't caught up with my friends in weeks / And now we're outta touch Artist(s) Em Beihold
3%
Songs Yeah, I've been throwin' down the whiskey / I oughta get my money back / And someone said it drowns the memory Song You Proof
3%
No matching quizzes found
Score Distribution
Percent of People with Each Score
Percentile by Number Answered
Your Score History
You have not taken this quiz